[Event "Novi Sad ol (Men)"]
[Site "Novi Sad"]
[Date "1990.??.??"]
[Round "3"]
[White "Nikolic, Predrag"]
[Black "Soppe, Guillermo"]
[Result "1-0"]
[WhiteElo "2600"]
[BlackElo "2390"]

1.d4 Nf6 2.c4 e6 3.Nc3 d5 4.Bg5 Nbd7 5.e3 c6 6.a3 Be7 7.Nf3 O-O 8.Qc2 a6
9.Rd1 b5 10.cxd5 cxd5 11.Bd3 Bb7 12.Ne5 h6 13.Bxf6 Nxf6 14.O-O Bd6 15.Qe2 Rc8
16.Na2 Qe7 17.Bb1 Qc7 18.Rc1 Qb8 19.f4 Rxc1 20.Nxc1 Qc7 21.Nb3 Rc8 22.Nd3 Ne4
23.Rc1 Qb6 24.Rxc8+ Bxc8 25.Qc2 Qc7 26.Nbc5 f5 27.b4 g5 28.Qc1 gxf4 29.exf4 Qd8
30.Qe3 Kh7 31.Ne5 Bxe5 32.fxe5 Kg7 33.Bxe4 dxe4 34.Kf2 Qd5 35.g4 Kh7 36.Kg3 Qc4
37.Kh4 Qc2 38.h3 Qc4 39.Kh5 Kg8 40.Kg6 Kf8 41.Qxh6+ Ke8  1-0

[Event "Novi Sad ol (Men)"]
[Site "Novi Sad"]
[Date "1990.??.??"]
[Round "4"]
[White "Beliavsky, Alexander G"]
[Black "Nikolic, Predrag"]
[Result "1/2-1/2"]
[WhiteElo "2605"]
[BlackElo "2600"]

1.e4 e6 2.d4 d5 3.Nd2 c5 4.exd5 exd5 5.Ngf3 c4 6.b3 cxb3 7.Bb5+ Bd7 8.Qe2+ Qe7
9.Bxd7+ Nxd7 10.axb3 Ngf6 11.Ne5 Qe6 12.O-O Bd6 13.f4 O-O 14.c4 Bb4 15.Ndf3 Nxe5
16.fxe5 Ne4 17.Ba3 Bxa3 18.Rxa3 a5 19.Rfa1 b6 20.b4 a4 21.Re1 f5 22.exf6 Qxf6
23.cxd5 Nd6 24.Re3 Nf5 25.Re5 a3 26.Qa2 Qd6 27.b5 Kh8 28.Qd2 a2 29.Ra1 Qa3
30.Re2 Qb3 31.Qb2 Qd3 32.Qc2 Qxb5 33.Rxa2 Rac8 34.Qb2 Qxd5 35.Ra1 Rf6 36.Rae1 Qd7
37.Re4 h6 38.Qb1 Rcc6 39.Qd3 Nd6 40.Re7 Qf5 41.Qxf5 Nxf5 42.Rb7  1/2-1/2

[Event "Novi Sad ol (Men)"]
[Site "Novi Sad"]
[Date "1990.??.??"]
[Round "6"]
[White "Spasov, Vasil"]
[Black "Nikolic, Predrag"]
[Result "1/2-1/2"]
[WhiteElo "2495"]
[BlackElo "2600"]

1.e4 e5 2.Nf3 Nc6 3.Bb5 a6 4.Bxc6 dxc6 5.Nc3 f6 6.d4 exd4 7.Nxd4 c5 8.Nde2 Qxd1+
9.Nxd1 Be6 10.Bf4 O-O-O 11.Ne3 Ne7 12.Rd1 Rxd1+ 13.Kxd1 g5 14.Bg3 f5 15.exf5 Nxf5
16.Nxf5 Bxf5 17.Be5 Rg8 18.Ng3 Bg6 19.Re1 Bh6 20.Re2 Rd8+ 21.Ke1 Re8 22.f3 Bxc2
23.Rxc2 Rxe5+ 24.Ne4 b6 25.g4 Bg7 26.h4 gxh4 27.Rh2 Bf6 28.Kf2 Be7 29.Ke3 Rd5
30.f4 h6 31.Nd2 Rd8 32.Nf3 Rg8 33.Ne5 Bf6 34.Kf3 Rg7 35.b3 Kd8 36.Rd2+ Ke8
37.Re2 Kf8 38.Rh2 a5 39.Rh1 Kg8 40.Rh2 Kf8 41.Rh1 b5 42.Rh2 Kg8 43.Rh1 Kf8  1/2-1/2

[Event "Novi Sad ol (Men)"]
[Site "Novi Sad"]
[Date "1990.??.??"]
[Round "9"]
[White "Gulko, Boris F"]
[Black "Nikolic, Predrag"]
[Result "1/2-1/2"]
[WhiteElo "2600"]
[BlackElo "2600"]

1.Nf3 Nf6 2.c4 c6 3.d4 d5 4.Nc3 e6 5.Bg5 h6 6.Bxf6 Qxf6 7.a3 Nd7 8.e4 dxe4
9.Nxe4 Qf4 10.Bd3 Be7 11.O-O O-O 12.Re1 Rd8 13.Qc2 c5 14.dxc5 Nxc5 15.Nxc5 Bxc5
16.b4 Bd6 17.Rad1 Qf6 18.Be4 Bc7 19.c5 Rb8 20.b5 Bd7 21.a4 Be8 22.Rxd8 Qxd8
23.Rd1 Qe7 24.h3 Ba5 25.Ne5 Rc8 26.c6 bxc6 27.Bxc6 Qb4 28.g3 Bb6 29.Kg2 a6
30.Qe2 Qxa4 31.Bxe8 Rxe8 32.Qf3 Re7 33.Nd7 Qxb5 34.Qa8+ Kh7 35.Nf8+ Kg8 36.Nd7+  1/2-1/2

[Event "Novi Sad ol (Men)"]
[Site "Novi Sad"]
[Date "1990.??.??"]
[Round "13"]
[White "Nikolic, Predrag"]
[Black "Van der Wiel, John TH"]
[Result "1-0"]
[WhiteElo "2600"]
[BlackElo "2555"]

1.d4 Nf6 2.c4 e6 3.Nf3 b6 4.g3 Bb7 5.Bg2 Be7 6.O-O O-O 7.Bf4 d6 8.Nc3 Ne4
9.Nxe4 Bxe4 10.Rc1 f5 11.Ne1 Bxg2 12.Nxg2 Nd7 13.Qb3 Rf7 14.Rfd1 Qe8 15.c5 bxc5
16.Qxe6 Bf6 17.Qxe8+ Rxe8 18.dxc5 Nxc5 19.Rc2 Ne6 20.Kf1 g5 21.Bc1 Be5 22.Rc4 f4
23.gxf4 Nxf4 24.Nxf4 gxf4 25.Kg2 Re6 26.h4 Rg6+ 27.Kf3 h5 28.b4 Rg4 29.Rh1 Kh7
30.b5 Rg8 31.Bd2 Rb8 32.Rhc1 Rxb5 33.Rxc7 Kg6 34.Rxf7 Kxf7 35.Rc7+ Kf6 36.Rxa7 Rb2
37.Be1 Kf5 38.Ra4 Rb1 39.Bd2 Rh1 40.Bxf4 Rxh4 41.e4+ Ke6 42.Be3 Rg4 43.Ra7 Rg1
44.Rh7 Ra1 45.Bg5 d5 46.Rh6+ Kd7 47.exd5 Rxa2 48.Ke4 Bd6 49.Rh7+ Kc8 50.Be3 Ra4+
51.Kf5 h4 52.Bg5 Ra5 53.Ke6 Ra6 54.Rh8+ Kc7 55.Bd8+ Kb7 56.Bxh4 Bc7+ 57.Kf7 Ra5
58.Rh5 Kc8 59.Bg3 Ra3 60.Bxc7 Kxc7 61.Ke6  1-0

[Event "Tilburg"]
[Site "Tilburg"]
[Date "1990.??.??"]
[Round "1"]
[White "Nikolic, Predrag"]
[Black "Timman, Jan H"]
[Result "1-0"]
[WhiteElo "2600"]
[BlackElo "2660"]

1.d4 Nf6 2.c4 e6 3.Nf3 b6 4.g3 Ba6 5.b3 d5 6.cxd5 Nxd5 7.Bg2 Be7 8.O-O O-O
9.Bb2 Nd7 10.Nc3 Bb7 11.Rc1 Rc8 12.Nxd5 exd5 13.Bh3 Bd6 14.Ne5 Bxe5 15.dxe5 Qe7
16.e4 c6 17.Re1 Rfd8 18.exd5 cxd5 19.Rxc8 Bxc8 20.Qc1 Nc5 21.Bxc8 Nd3 22.Qc3 Nxe1
23.Ba6 d4 24.Qxe1 d3 25.Bc3 Qd7 26.Bd2 b5 27.Qe4 Qd5 28.Qxd5 Rxd5 29.f4 g5
30.Kf2 gxf4 31.gxf4 Rc5 32.Ke3 Rc6 33.Bxb5 Rh6 34.f5 Rh3+ 35.Kd4 Rxh2 36.Kxd3 Kg7  1-0

[Event "Tilburg"]
[Site "Tilburg"]
[Date "1990.??.??"]
[Round "3"]
[White "Nikolic, Predrag"]
[Black "Andersson, Ulf"]
[Result "1/2-1/2"]
[WhiteElo "2600"]
[BlackElo "2630"]

1.d4 d5 2.Nf3 c6 3.c4 Nf6 4.e3 Bf5 5.cxd5 Nxd5 6.Bd3 Bxd3 7.Qxd3 e6 8.O-O Be7
9.Rd1 O-O 10.e4 Nf6 11.Nc3 Nbd7 12.Be3 Qa5 13.h3 Rad8 14.Qc2 h6 15.a3 Rfe8
16.b4 Qc7 17.e5 Nh7 18.Na4 Nhf8 19.Nd2 Ng6 20.Ne4 Nh4 21.f4 f5 22.Nec5 Nf8
23.Rac1 Nhg6 24.Qb3 Bxc5 25.dxc5 Rxd1+ 26.Rxd1 Ne7 27.Nb2 Rd8 28.Nc4 Rxd1+
29.Qxd1 Nd5 30.Qd4  1/2-1/2

[Event "Tilburg"]
[Site "Tilburg"]
[Date "1990.??.??"]
[Round "6"]
[White "Nikolic, Predrag"]
[Black "Gelfand, Boris"]
[Result "1/2-1/2"]
[WhiteElo "2600"]
[BlackElo "2680"]

1.d4 Nf6 2.c4 e6 3.Nf3 b6 4.g3 Ba6 5.b3 d5 6.Bg2 dxc4 7.Ne5 Bb4+ 8.Kf1 Bd6
9.Nxc4 Nd5 10.Qd2 Nc6 11.Nxd6+ cxd6 12.Nc3 Nce7 13.Nxd5 Nxd5 14.Bf3 O-O 15.Kg2 f5
16.a4 Bb7 17.Rd1 f4 18.Ba3 Qd7 19.Kg1 Rf6 20.Rf1 Raf8 21.Qd3 a6 22.Be4 g5
23.Bg2 g4 24.Bh1 f3 25.Rfe1 b5 26.axb5 axb5 27.e4 Ne7 28.Bxd6 Rg6 29.Bxe7 Qxe7
30.Qxb5 Rd8 31.Ra5 Rxd4 32.h3 Rxe4 33.Rxe4 Bxe4 34.hxg4 Qd8 35.Ra1 Rxg4 36.Qe5 Bd5
37.Ra7 Rg6 38.b4 Qf6 39.Qc7 Rg7 40.Qb8+ Qf8 41.Rxg7+ Kxg7 42.Qa7+ Kg6 43.Qd4 Qf5
44.Kh2 Qh5+ 45.Kg1 Qf5 46.Kh2 h5 47.b5 Qe4 48.Qh8 Qf5 49.Qg8+ Kf6 50.b6 Qc2  1/2-1/2

[Event "Tilburg"]
[Site "Tilburg"]
[Date "1990.??.??"]
[Round "7"]
[White "Ivanchuk, Vassily"]
[Black "Nikolic, Predrag"]
[Result "1/2-1/2"]
[WhiteElo "2680"]
[BlackElo "2600"]

1.e4 d6 2.d4 Nf6 3.Nc3 g6 4.Nf3 Bg7 5.Be2 O-O 6.O-O c6 7.Re1 b5 8.e5 dxe5
9.dxe5 Qxd1 10.Rxd1 Ng4 11.Bf4 Nd7 12.e6 fxe6 13.Bg3 Nge5 14.Nd4 Nb6 15.Ne4 Rd8
16.Nc5 Rd6 17.c3 Na4 18.Nxa4 bxa4 19.f4 Nf7 20.Bf3 Bb7 21.Re1 c5 22.Nxe6 Bxf3
23.gxf3 Bh8 24.Re2 a3 25.bxa3 Bxc3 26.Rc1 Rd3 27.Nxc5 Bd4+ 28.Kg2 Rxa3 29.Bh4 Rc8
30.Bxe7 Re3 31.Rxe3 Bxe3 32.Rc3 Bxf4 33.Ne4 Rxc3 34.Nxc3 Bd6  1/2-1/2

[Event "Tilburg"]
[Site "Tilburg"]
[Date "1990.??.??"]
[Round "9"]
[White "Nikolic, Predrag"]
[Black "Seirawan, Yasser"]
[Result "1/2-1/2"]
[WhiteElo "2600"]
[BlackElo "2635"]

1.d4 d5 2.c4 dxc4 3.e4 e5 4.Nf3 Bb4+ 5.Bd2 Bxd2+ 6.Qxd2 exd4 7.Qxd4 Nf6 8.Qxd8+ Kxd8
9.Nc3 Be6 10.Ne5 Ke7 11.f4 g6 12.Bxc4 Nbd7 13.Bxe6 fxe6 14.Nd3 c5 15.O-O-O Ng4
16.Rd2 c4 17.h3 Ngf6 18.e5 Nh5 19.g4 cxd3 20.gxh5 Raf8 21.Rxd3 Rxf4 22.Rhd1 Nc5
23.Rg3 Rg8 24.Rdg1 g5 25.Rxg5 Rf1+ 26.Rxf1 Rxg5 27.Kd2 Rxe5 28.Rg1 Kf6 29.b4 Ne4+
30.Nxe4+ Rxe4 31.a3 Rh4 32.Rf1+ Ke7 33.Rg1 Kf6 34.Rf1+ Ke7 35.Rg1 Kf6  1/2-1/2

[Event "Tilburg"]
[Site "Tilburg"]
[Date "1990.??.??"]
[Round "10"]
[White "Andersson, Ulf"]
[Black "Nikolic, Predrag"]
[Result "1/2-1/2"]
[WhiteElo "2630"]
[BlackElo "2600"]

1.d4 d5 2.c4 dxc4 3.e4 e5 4.Nf3 Bb4+ 5.Bd2 Bxd2+ 6.Qxd2 exd4 7.Qxd4 Nf6 8.Nc3 Be6
9.Qxd8+ Kxd8 10.Nd4 Re8 11.O-O-O Nbd7 12.Nxe6+ Rxe6 13.Bxc4 Re7 14.f4 Nxe4
15.Nxe4 Rxe4 16.Bxf7 c6 17.g3 Ke7 18.Bb3 Nf6 19.Rhe1 Rxe1 20.Rxe1+ Kd6 21.Re6+ Kd7
22.Kd2 Re8 23.Rxe8 Kxe8 24.Ke2 Ke7 25.Kf3 h6 26.h4 h5 27.f5 Nd5 28.Ke4 Kf6
29.Bd1 Ne7 30.Bxh5 Nxf5 31.Kf4 Ne7 32.Bd1 Nd5+ 33.Ke4 Nb4 34.a3 Na6 35.g4 Nc5+
36.Kd4 Ne6+ 37.Ke4 Nc5+ 38.Kd4 Ne6+ 39.Ke4 Nc5+  1/2-1/2

[Event "Tilburg"]
[Site "Tilburg"]
[Date "1990.??.??"]
[Round "11"]
[White "Nikolic, Predrag"]
[Black "Kamsky, Gata"]
[Result "1/2-1/2"]
[WhiteElo "2600"]
[BlackElo "2650"]

1.d4 Nf6 2.c4 g6 3.g3 c6 4.Bg2 d5 5.Na3 Bg7 6.Nf3 O-O 7.O-O Bf5 8.b3 Nbd7
9.Bb2 Ne4 10.Nd2 Ndf6 11.Nxe4 Nxe4 12.f3 Nd6 13.c5 Ne8 14.e4 Be6 15.e5 Qd7
16.f4 Nc7 17.Nc2 Bh3 18.Bxh3 Qxh3 19.Ne3 f6 20.Qe2 Rad8 21.Rf3 fxe5 22.dxe5 Ne6
23.Raf1 d4 24.Nd1 d3 25.Qe4 d2 26.Bc3 Kh8 27.b4 Qg4 28.Qe3 Qf5  1/2-1/2

[Event "Tilburg"]
[Site "Tilburg"]
[Date "1990.??.??"]
[Round "13"]
[White "Gelfand, Boris"]
[Black "Nikolic, Predrag"]
[Result "1/2-1/2"]
[WhiteElo "2680"]
[BlackElo "2600"]

1.d4 d5 2.c4 c6 3.Nc3 Nf6 4.Nf3 e6 5.e3 a6 6.Bd3 dxc4 7.Bxc4 c5 8.a4 Nc6
9.O-O Be7 10.Qe2 cxd4 11.Rd1 e5 12.exd4 exd4 13.Nxd4 Nxd4 14.Qe5 Qd6 15.Qxd6 Bxd6
16.Rxd4 Be5 17.Rh4 O-O 18.Bf4 Bxf4 19.Rxf4 Be6 20.Bxe6 fxe6 21.Rb4 Rf7 22.Rd1 Rc8
23.f3 Re7 24.Kf2 h6 25.Ke3 Kf7 26.Rd6 Rcc7 27.h4 Rcd7 28.Rxd7 Rxd7 29.g4 Rc7
30.a5 Ke7 31.Kd4 Nd7 32.Ne4 Nb8 33.Rc4 Nc6+ 34.Ke3 Rd7 35.b4 Rd1 36.Nc5 Rb1
37.Nxa6 Kd6 38.Nc5 Kd5 39.Re4 Nxb4 40.Nxb7 Rb3+ 41.Kd2 Nc6 42.a6 Ra3 43.Re3 Ra2+
44.Kc3 e5 45.Nd8 Ra3+ 46.Kd2 Ra2+ 47.Kc3 Nd4 48.Nf7 Ra3+ 49.Kb2 Rxe3 50.a7 Ra3
51.Kxa3 Nb5+ 52.Kb4 Nxa7 53.Nd8 Nc8 54.Kc3 e4 55.fxe4+ Kxe4 56.h5 Nd6 57.Ne6 Ke5
58.Nxg7 Kf6 59.Nf5 Nxf5 60.gxf5 Kxf5  1/2-1/2

[Event "Belgrade Invest"]
[Site "Belgrade"]
[Date "1991.??.??"]
[Round "?"]
[White "Nikolic, Predrag"]
[Black "Lautier, Joel"]
[Result "1-0"]
[WhiteElo "2625"]
[BlackElo "2560"]

1.Nf3 c5 2.c4 Nf6 3.g3 d5 4.cxd5 Nxd5 5.Bg2 Nc6 6.d4 cxd4 7.Nxd4 Ndb4 8.Nxc6 Qxd1+
9.Kxd1 Nxc6 10.Bxc6+ bxc6 11.Be3 e5 12.f3 Bb4 13.a3 Ba5 14.Bc5 Bb6 15.b4 Bxc5
16.bxc5 Rb8 17.Nc3 Bf5 18.g4 Rb3 19.Kd2 Rb2+ 20.Ke3 Bg6 21.Ne4 Ke7 22.Rhd1 Rb3+
23.Rd3 Rhb8 24.Rd1 Rxd3+ 25.Rxd3 Rb5 26.Rc3 Ke6 27.Nd6 Rb2 28.Ne8 Rb8 29.Nxg7+ Kf6
30.Nh5+ Bxh5 31.gxh5 Rb5 32.a4 Ra5 33.Rc4 Ke6 34.Kd3 f5 35.Kc3 e4 36.Kb4 exf3
37.exf3 Ra6 38.Rd4 Kf6 39.Rd7  1-0

[Event "Belgrade Invest"]
[Site "Belgrade"]
[Date "1991.??.??"]
[Round "?"]
[White "Nikolic, Predrag"]
[Black "Seirawan, Yasser"]
[Result "1/2-1/2"]
[WhiteElo "2625"]
[BlackElo "2615"]

1.Nf3 c5 2.g3 b6 3.Bg2 Bb7 4.c4 Nf6 5.O-O Nc6 6.Nc3 g6 7.e4 e5 8.d3 Bg7 9.Nh4 O-O
10.f4 exf4 11.Bxf4 d6 12.Qd2 Ng4 13.Kh1 Nd4 14.h3  1/2-1/2

[Event "Belgrade Invest"]
[Site "Belgrade"]
[Date "1991.??.??"]
[Round "?"]
[White "Nikolic, Predrag"]
[Black "Sokolov, Ivan"]
[Result "1/2-1/2"]
[WhiteElo "2625"]
[BlackElo "2570"]

1.d4 Nf6 2.c4 g6 3.Nf3 Bg7 4.g3 O-O 5.Bg2 c6 6.O-O d5 7.b3 Ne4 8.Bb2 Bf5
9.Ne5 Nd7 10.Nd3 dxc4 11.bxc4 Nb6 12.g4 Nxc4 13.gxf5 Nxb2 14.Nxb2 Qxd4 15.Qxd4 Bxd4
16.Bxe4 Bxb2 17.Nd2 Bxa1 18.Rxa1 Rad8 19.Nb3 gxf5 20.Bxf5 b6 21.f3 Kh8 22.Kf2 c5
23.Bd3 Rd6 24.h4 e6 25.a4 Rc8 26.Rc1 f5 27.Ke3  1/2-1/2

[Event "Belgrade Invest"]
[Site "Belgrade"]
[Date "1991.??.??"]
[Round "?"]
[White "Nunn, John DM"]
[Black "Nikolic, Predrag"]
[Result "1-0"]
[WhiteElo "2610"]
[BlackElo "2625"]

1.e4 e6 2.d4 d5 3.Nc3 Bb4 4.e5 c5 5.a3 Bxc3+ 6.bxc3 Ne7 7.Nf3 b6 8.Bb5+ Bd7
9.Bd3 Ba4 10.dxc5 bxc5 11.O-O c4 12.Be2 Ng6 13.Ng5 Nxe5 14.f4 Nd3 15.Bxd3 cxd3
16.f5 e5 17.Qh5 Qe7 18.Ne6 Kd7 19.Bg5 f6 20.Be3 Na6 21.cxd3 g6 22.Qg4 Bc6
23.Nd4 exd4 24.Bxd4 h5 25.Qh3 g5 26.Rfe1 Qf8 27.Re6 Rh6 28.Qe3 Re8 29.Re1 Nc7
30.Bc5 Qf7 31.Be7 Rh7 32.Qc5 Bb7 33.Qxa7 Kc8 34.Rb1 Rxe7 35.Rxb7  1-0

[Event "Belgrade Invest"]
[Site "Belgrade"]
[Date "1991.??.??"]
[Round "?"]
[White "Ljubojevic, Ljubomir"]
[Black "Nikolic, Predrag"]
[Result "1/2-1/2"]
[WhiteElo "2600"]
[BlackElo "2625"]

1.e4 e5 2.Nf3 Nc6 3.Bb5 a6 4.Ba4 Nf6 5.O-O Be7 6.Re1 b5 7.Bb3 O-O 8.c3 d5
9.exd5 Nxd5 10.Nxe5 Nxe5 11.Rxe5 c6 12.d4 Bd6 13.Re1 Qh4 14.g3 Qh3 15.Be3 Bg4
16.Qd3 Rae8 17.Nd2 Re6 18.a4 Qh5 19.axb5 axb5 20.Nf1 Bf5 21.Qd1 Bg4 22.Qd2 Qh3
23.Bd1 Bxd1 24.Raxd1 f5 25.f4 g5 26.fxg5 f4 27.Bxf4 Bxf4 28.gxf4 Nxf4 29.Ng3 Qg4
30.Rxe6 Nh3+ 31.Kg2 Nf4+ 32.Kg1 Nh3+ 33.Kg2  1/2-1/2

[Event "Belgrade Invest"]
[Site "Belgrade"]
[Date "1991.??.??"]
[Round "?"]
[White "Kamsky, Gata"]
[Black "Nikolic, Predrag"]
[Result "1/2-1/2"]
[WhiteElo "2595"]
[BlackElo "2625"]

1.e4 e6 2.d4 d5 3.Nc3 Bb4 4.e5 c5 5.a3 Bxc3+ 6.bxc3 Ne7 7.Qg4 cxd4 8.Bd3 Qa5
9.Ne2 Nbc6 10.Qxg7 Rg8 11.Qf6 Ng6 12.f4 dxc3 13.Rb1 a6 14.O-O Qc5+ 15.Kh1 b5
16.Rb3 d4 17.Ng3 Qe7 18.Ne4 Bd7 19.Nd6+ Kd8 20.Nxf7+ Kc7 21.Ng5 h6 22.Nf7 Nh4
23.Be4 Qxf6 24.exf6 Nf5 25.Ne5 Raf8 26.Nxd7 Kxd7 27.Rd1 Kc7 28.a4 Rxf6 29.axb5 axb5
30.Rxb5 Nd6 31.Bxc6 Kxc6 32.Re5 Nb5 33.Rde1 Nc7 34.R5e4 Kd5 35.h3 Ra8 36.g4 Kc5
37.R4e2 Nd5 38.g5 hxg5 39.fxg5 Rf3 40.h4 Rh3+ 41.Rh2 Rxh2+ 42.Kxh2 Ra2 43.Kg3 Rxc2
44.g6 d3 45.Bg5 Ra2 46.g7 Ra8 47.h5 d2 48.Rh1 Nf6 49.Kf3 Nxh5 50.Bxd2 Nxg7
51.Rc1 Ra3 52.Rxc3+ Rxc3+ 53.Bxc3 Nf5  1/2-1/2

[Event "Belgrade Invest"]
[Site "Belgrade"]
[Date "1991.??.??"]
[Round "?"]
[White "Beliavsky, Alexander G"]
[Black "Nikolic, Predrag"]
[Result "1/2-1/2"]
[WhiteElo "2655"]
[BlackElo "2625"]

1.e4 e6 2.d4 d5 3.Nd2 c5 4.exd5 exd5 5.Ngf3 c4 6.b3 cxb3 7.Bb5+ Bd7 8.Qe2+ Qe7
9.Bxd7+ Nxd7 10.axb3 Nh6 11.Ra5 Nb6 12.Nf1 Qxe2+ 13.Kxe2 Nf5 14.c4 f6 15.c5 Nc8
16.Ne3 Nxe3 17.fxe3 a6 18.Kd3 Na7 19.Bd2 g6 20.Ng1 Nb5 21.Ne2 Kd7 22.Nc3 Nxc3
23.Bxc3 Be7 24.Rb1 Bd8 25.Ra4 Bc7 26.g3 Rhe8 27.b4 f5 28.b5 axb5 29.Rab4 Kc6
30.Rxb5 Reb8 31.R5b3 Ra6 32.Bd2 b5 33.cxb6 Rbxb6 34.Rxb6+ Bxb6 35.h3 Ra3+
36.Ke2 Ra2 37.Kd3 h5 38.Rg1 Bc7 39.Rc1+ Kd7 40.Rc5 Ra3+  1/2-1/2

[Event "Bled/Rogaska Slatina"]
[Site "Bled"]
[Date "1991.??.??"]
[Round "1"]
[White "Nikolic, Predrag"]
[Black "Bareev, Evgeny"]
[Result "1/2-1/2"]
[WhiteElo "2620"]
[BlackElo "2650"]

1.d4 Nf6 2.c4 e6 3.Nf3 b6 4.g3 Ba6 5.Qa4 c5 6.Bg2 Bb7 7.dxc5 bxc5 8.O-O Be7
9.Nc3 O-O 10.Bf4 Qb6 11.Rad1 d6 12.Rd2 h6 13.Rfd1 e5 14.Be3 Nc6 15.Rb1 a5
16.Qb5 Qc7 17.Qb3 Rfd8 18.Nh4 Rab8 19.Nf5 Nd4 20.Nxe7+ Qxe7 21.Qd1 Bxg2 22.Kxg2 Qe6
23.b3 d5 24.cxd5 Nxd5 25.Rc1 f5 26.Nxd5 Rxd5 27.Rc4 Rbd8 28.Qc1 f4 29.Bxd4 cxd4
30.Rc6 R5d6  1/2-1/2

[Event "Bled/Rogaska Slatina"]
[Site "Bled"]
[Date "1991.??.??"]
[Round "6"]
[White "Nikolic, Predrag"]
[Black "Gostisa, Leon"]
[Result "1-0"]
[WhiteElo "2620"]
[BlackElo "2440"]

1.d4 Nf6 2.Nf3 e6 3.g3 c5 4.Bg2 Nc6 5.O-O cxd4 6.Nxd4 Bc5 7.Nb3 Be7 8.c4 d6
9.Nc3 O-O 10.Bf4 a6 11.Rc1 Nh5 12.Be3 Nf6 13.Na4 Nd7 14.Qd2 Rb8 15.Rfd1 Qc7
16.Bf4 Nde5 17.c5 d5 18.e4 dxe4 19.Bxe4 Rd8 20.Qe2 g5 21.Rxd8+ Bxd8 22.Bd2 Ng6
23.Nb6 Bf6 24.Bc3 Bxc3 25.Rxc3 Nce5 26.Qd2 Bd7 27.Bxg6  1-0

[Event "Bled/Rogaska Slatina"]
[Site "Bled"]
[Date "1991.??.??"]
[Round "7"]
[White "Sokolov, Ivan"]
[Black "Nikolic, Predrag"]
[Result "1/2-1/2"]
[WhiteElo "2570"]
[BlackElo "2620"]

1.d4 e6 2.c4 f5 3.Nc3 Nf6 4.e3 d5 5.Bd3 c6 6.Nge2 Bd6 7.f3 O-O 8.O-O Qc7
9.h3 dxc4 10.Bxc4 Kh8 11.Qc2 b5 12.Bd3 Na6 13.a3 b4 14.Na4 c5 15.Bd2 cxd4
16.Qxc7 Nxc7 17.Nxd4 bxa3 18.bxa3 Bd7 19.Nb2 Ncd5 20.Nc4 Bc7  1/2-1/2

[Event "Bled/Rogaska Slatina"]
[Site "Bled"]
[Date "1991.??.??"]
[Round "10"]
[White "Nikolic, Predrag"]
[Black "Djuric, Stefan"]
[Result "1-0"]
[WhiteElo "2620"]
[BlackElo "2540"]

1.d4 Nf6 2.c4 b6 3.Nc3 Bb7 4.Nf3 d5 5.Bg5 Ne4 6.cxd5 Nxg5 7.Nxg5 e6 8.Nxf7 Kxf7
9.dxe6+ Kxe6 10.e4 g6 11.Bc4+ Ke7 12.Qf3 Qe8 13.O-O Bg7 14.Qg3 Kd8 15.Rac1 Rf8
16.e5 Nc6 17.Bd5 a6 18.Qh4+ Kc8 19.Qxh7 Qd7 20.e6 Qe7 21.Qxg6 Bxd4 22.Qe4 Qd6
23.Ne2 Bc5 24.b4 Rh8 25.g3 Rh5 26.e7 Qxe7 27.Qg4+ Kb8 28.Qxh5 Nxb4 29.Bxb7 Kxb7
30.Qf3+ Ka7 31.a3 Rf8 32.Nf4 Na2 33.Rc2 Qf7 34.Ra1  1-0

[Event "Bled/Rogaska Slatina"]
[Site "Bled"]
[Date "1991.??.??"]
[Round "12"]
[White "Nikolic, Predrag"]
[Black "Kotronias, Vasilios"]
[Result "1-0"]
[WhiteElo "2620"]
[BlackElo "2520"]

1.d4 Nf6 2.c4 c5 3.d5 b5 4.cxb5 a6 5.bxa6 g6 6.g3 Bg7 7.Bg2 d6 8.Nf3 Bxa6
9.O-O Nbd7 10.Nc3 Nb6 11.Re1 O-O 12.Bf4 Nh5 13.Bg5 h6 14.Bc1 Nf6 15.Rb1 Bc4
16.e4 Nfd7 17.a3 Ba6 18.Qc2 Nc4 19.Rd1 Qa5 20.b4 cxb4 21.axb4 Qb6 22.b5 Bb7
23.Na4 Qa5 24.Qxc4 Rfc8 25.Qb3 Qxa4 26.Qxa4 Rxa4 27.Bh3 Rd8 28.Bb2 Bxb2 29.Rxb2 Rxe4
30.Nd4 Rxd4 31.Rxd4 Nb6 32.Ra2 Rb8 33.Ra7 Kf8 34.Bg2 Nc8 35.Ra1 Nb6 36.Rc1 Ke8
37.Rh4 Bxd5 38.Rxh6 Kd7 39.Rh7 Bxg2 40.Kxg2 Ke6 41.Re1+ Kf6 42.Re3 Rf8 43.Rf3+ Ke6
44.Rg7 Nd7 45.Rh7 Nf6 46.Rh4 Rb8 47.Re3+ Kd7 48.Ra4 Rb7 49.Rb3 Nd5 50.Rd4 Ke6
51.h4 f5 52.Ra4 Kd7 53.Ra8 Ke6 54.Rf8 Ke5 55.Rb1 Ke6 56.Re1+ Kd7 57.Rg8 Rxb5
58.Rxg6 Rb8 59.h5 Rh8 60.Rg5 Nf6 61.Rxf5 Rxh5 62.Rxh5 Nxh5 63.Kf3 Nf6 64.g4 Ke8
65.g5 Nd5 66.Ke4 e6 67.Rh1 Kf7 68.Rh6 Nc3+ 69.Kf4 Ne2+ 70.Kg4 Nd4 71.Rh7+ Kg6
72.Re7 e5 73.f3 Nb5 74.Rd7  1-0

[Event "Bled/Rogaska Slatina"]
[Site "Bled"]
[Date "1991.??.??"]
[Round "13"]
[White "Grosar, Aljosa"]
[Black "Nikolic, Predrag"]
[Result "1/2-1/2"]
[WhiteElo "2370"]
[BlackElo "2620"]

1.e4 e5 2.Nf3 Nc6 3.Bc4 Nf6 4.d3 Be7 5.O-O O-O 6.Re1 d6 7.a4 Be6 8.Nbd2 Qd7
9.c3 a6 10.a5 Rad8 11.Qb3 Qc8 12.Nf1 h6 13.h3 Rfe8 14.Bxe6 fxe6 15.Ng3 Kh8
16.Be3 d5 17.Qc2 Bd6 18.Bd2 Bf8 19.Qa4 Nd7 20.b4 Na7 21.c4 c6 22.Bc3 Qb8
23.Qb3 d4 24.Bd2 Nc8  1/2-1/2

[Event "JUG-Cup final"]
[Site "Pula"]
[Date "1991.??.??"]
[Round "1"]
[White "Bogdanovski, Vlatko"]
[Black "Nikolic, Predrag"]
[Result "0-1"]
[WhiteElo "2440"]
[BlackElo "2620"]

1.d4 e6 2.c4 f5 3.Nc3 Nf6 4.e3 d5 5.h3 c6 6.g4 Bd6 7.Bd2 O-O 8.gxf5 exf5
9.cxd5 cxd5 10.Qb3 Kh8 11.Bg2 Nc6 12.Nxd5 Ne4 13.Nc3 Nxd2 14.Kxd2 Nxd4 15.Qd5 Nc6
16.Rd1 Nb4 17.Qb3 Qe7 18.Kc1 f4 19.a3 Be6 20.Nd5 Rac8+ 21.Kb1 Bf5+ 22.e4 Bxe4+
23.Ka1 Nxd5 24.Bxe4 Qxe4 25.Qxd5 Rc1+  0-1

[Event "JUG-Cup final"]
[Site "Pula"]
[Date "1991.??.??"]
[Round "3"]
[White "Romanishin, Oleg M"]
[Black "Nikolic, Predrag"]
[Result "1-0"]
[WhiteElo "2610"]
[BlackElo "2620"]

1.e4 e5 2.Nf3 Nc6 3.Bb5 a6 4.Ba4 Nf6 5.O-O Be7 6.Re1 b5 7.Bb3 O-O 8.c3 d6
9.d4 Bg4 10.d5 Na5 11.Bc2 c6 12.h3 Bxf3 13.Qxf3 cxd5 14.exd5 Nc4 15.Nd2 Nxd2
16.Bxd2 Qc7 17.a4 b4 18.a5 bxc3 19.Bxc3 Qc4 20.Bd3 Qc5 21.Rac1 Qa7 22.Bc4 Rfc8
23.b3 Bd8 24.Bd2 g6 25.Qd3 Kg7 26.b4 Ng8 27.Bb3 Ne7 28.Rxc8 Rxc8 29.Rc1 Rxc1+
30.Bxc1 Nf5 31.Bd2 Bh4 32.Be1 Nd4 33.Bc4 f5 34.Bxa6 e4 35.Qc3 Qxa6 36.Qxd4+ Bf6
37.Qd1 Qc4 38.Qb1 f4 39.b5 f3 40.b6 fxg2 41.Kxg2 Qe2 42.b7 Qf3+ 43.Kg1 Bd4
44.b8=Q Qg3+ 45.Kf1 Qxh3+ 46.Ke2 Qf3+ 47.Kd2 e3+ 48.Kc2  1-0

[Event "JUG-Cup final"]
[Site "Pula"]
[Date "1991.??.??"]
[Round "4"]
[White "Nikolic, Predrag"]
[Black "Sokolov, Ivan"]
[Result "0-1"]
[WhiteElo "2620"]
[BlackElo "2570"]

1.d4 Nf6 2.Nf3 g6 3.g3 b6 4.c4 Bb7 5.Bg2 Bg7 6.O-O O-O 7.Qc2 c5 8.d5 b5 9.Nc3 b4
10.Nd1 d6 11.e4 Nbd7 12.Ne3 a5 13.a4 Qc7 14.Bd2 Rae8 15.Rae1 e6 16.Nh4 Nb6
17.b3 exd5 18.exd5 Re7 19.Nd1 Rfe8 20.Rxe7 Rxe7 21.Re1 Bc8 22.Rxe7 Qxe7 23.Kf1 Bd7
24.Bc1 Ng4 25.h3 Ne5 26.Nb2 Qf6 27.Qd2 h6 28.Qf4 g5 29.Qxf6 Bxf6 30.Nf3 Nxf3
31.Bxf3 Bxh3+ 32.Ke1 Bf5 33.g4 Bg6 34.Be2 Bc3+ 35.Kd1 Nd7 36.Nd3 Ne5 37.Nxe5 Bxe5
38.Be3 Bf4  0-1

[Event "JUG-Cup final"]
[Site "Pula"]
[Date "1991.??.??"]
[Round "5"]
[White "Nikolic, Predrag"]
[Black "Ilincic, Zlatko"]
[Result "1-0"]
[WhiteElo "2620"]
[BlackElo "2470"]

1.d4 Nf6 2.c4 g6 3.Nc3 d5 4.Nf3 Bg7 5.Qb3 dxc4 6.Qxc4 O-O 7.e4 Na6 8.Qb3 c5
9.d5 e6 10.Bxa6 bxa6 11.O-O exd5 12.exd5 Re8 13.Bf4 Nh5 14.Bg5 Qc7 15.Rad1 c4
16.Qa3 h6 17.d6 Qd7 18.Bc1 Bb7 19.Nd5 Bf8 20.b3 Bxd6 21.Nf6+ Nxf6 22.Rxd6 Qf5
23.bxc4 Ne4 24.Rd4 g5 25.Rdd1 Rac8 26.Nd4 Qc5 27.Qh3 Kh7 28.Nb3 Qe5 29.Rd7 Bc6
30.Rxf7+ Kg6 31.f4 Qc3 32.Qf5+  1-0

[Event "World Cup"]
[Site "Reykjavik"]
[Date "1991.??.??"]
[Round "3"]
[White "Seirawan, Yasser"]
[Black "Nikolic, Predrag"]
[Result "1/2-1/2"]
[WhiteElo "2615"]
[BlackElo "2625"]

1.d4 d5 2.c4 c6 3.Nc3 e5 4.dxe5 d4 5.Ne4 Qa5+ 6.Nd2 Nd7 7.Nf3 Nxe5 8.Nxd4 Nxc4
9.e3 Nxd2 10.Bxd2 Bb4 11.a3 Bxd2+ 12.Qxd2 Qxd2+ 13.Kxd2 Nf6 14.b4 c5 15.Bb5+ Bd7
16.Bxd7+ Kxd7 17.bxc5 Ne4+ 18.Ke2 Rhc8 19.Rac1  1/2-1/2

[Event "World Cup"]
[Site "Reykjavik"]
[Date "1991.??.??"]
[Round "7"]
[White "Nikolic, Predrag"]
[Black "Chandler, Murray G"]
[Result "1-0"]
[WhiteElo "2625"]
[BlackElo "2605"]

1.d4 Nf6 2.c4 e6 3.Nf3 b6 4.a3 Ba6 5.Qc2 Bb7 6.Nc3 c5 7.dxc5 bxc5 8.Bf4 Be7
9.e3 O-O 10.Be2 Nh5 11.Bg3 f5 12.Rd1 d6 13.Bxd6 Bxd6 14.Nb5 Qa5+ 15.b4 cxb4
16.Nxd6 bxa3+ 17.Qd2 Qc7 18.Ng5 Qe7 19.Nxb7 Qxg5 20.Bf3 Nf6 21.Qd6 Nbd7 22.Qxe6+ Kh8
23.Nd6 Rab8 24.O-O f4 25.exf4 Qxf4 26.Bc6 Ng4 27.g3 Nc5 28.gxf4 Nxe6 29.Bd7 Rf6
30.Rfe1 Nxf4 31.Bxg4 a2 32.c5 h5 33.Bf5 g6 34.Be4 Rb2 35.Nc4 Nh3+ 36.Kg2 Rfxf2+
37.Kxh3 Rb3+ 38.Re3 g5 39.Kg3 Rf4 40.Bd5 h4+ 41.Kg2 Rb2+ 42.Kg1  1-0

[Event "Sao Paulo m"]
[Site "Sao Paulo"]
[Date "1991.??.??"]
[Round "1"]
[White "Mecking, Henrique"]
[Black "Nikolic, Predrag"]
[Result "1/2-1/2"]
[WhiteElo "2615"]
[BlackElo "2620"]

1.d4 f5 2.Nf3 Nf6 3.c4 e6 4.e3 d5 5.Be2 c6 6.O-O Bd6 7.b3 Qe7 8.Bb2 b6 9.a4 a5
10.cxd5 exd5 11.Ba3 Bb4 12.Bxb4 axb4 13.Nbd2 O-O 14.Ne5 Be6 15.f4 c5 16.Rc1 Nbd7
17.Bd3 Nxe5 18.fxe5 Ne4 19.Nxe4 fxe4 20.Bb5 Qg5 21.Qd2 Rfc8 22.dxc5 Rxc5
23.Bd7 Qxe5 24.Qd4 Qd6 25.Bxe6+ Qxe6 26.Rxc5 bxc5 27.Qxc5 d4 28.Qxd4 Qxb3
29.a5 Qd3 30.Rd1 Qxd4 31.Rxd4 b3 32.Rb4 Rxa5 33.Rxb3 Ra1+ 34.Kf2 Ra2+ 35.Kg3 Re2
36.Rb4  1/2-1/2